[Event "BEL-ch op"]
[Site "Niel"]
[Date "2017.07.06"]
[Round "6"]
[White "Gooris, Jan"]
[Black "Dauw, Sterre"]
[Result "1-0"]
[WhiteElo "2154"]
[BlackElo "1846"]
[PlyCount "93"]
[EventDate "2017.07.01"]
[EventType "swiss"]
[EventRounds "9"]
[EventCountry "BEL"]
[SourceTitle "EXT 2018"]
[Source "ChessBase"]
[SourceDate "2017.10.13"]
[SourceVersion "1"]
[SourceVersionDate "2017.10.13"]
[SourceQuality "1"]

1. e4 c5 2. Nc3 a6 3. g3 b5 4. Bg2 Bb7 5. d3 e6 6. Nf3 d6 7. 0-0 Be7 8. a4 b4 9. Ne2 Nd7 10. c4 Qc7 11. Qc2 Ngf6 12. Nd2 e5 13. Re1 a5 14. Nf1 0-0-0 15. Ne3 h5 16. Nd5 Nxd5 17. cxd5 Ba6 18. Be3 Kb8 19. Nc1 g6 20. Nb3 f5 21. Rac1 Qb6 22. Nd2 Rdf8 23. f4 g5 24. Nc4 Bxc4 25. Qxc4 gxf4 26. gxf4 fxe4 27. fxe5 exd3 28. exd6 Bxd6 29. Qxd3 h4 30. Rf1 Rxf1+ 31. Qxf1 h3 32. Bxh3 Qb7 33. Rc2 c4 34. Bxd7 Qxd7 35. Qxc4 Qxa4 36. Bf4 Bxf4 37. Qxf4+ Ka8 38. Qc4 Rg8+ 39. Kh1 Qd7 40. Qa6+ Kb8 41. Qb6+ Qb7 42. Qd6+ Ka8 43. Rc5 Rg1+ 44. Kxg1 Qg7+ 45. Kh1 Qxb2 46. Qa6+ Kb8 47. Rc8# 1-0

[Event "Leuven op 24th"]
[Site "Leuven"]
[Date "2012.11.04"]
[Round "5"]
[White "Bomans, Arno"]
[Black "Gooris, Jan"]
[Result "1/2-1/2"]
[WhiteElo "2250"]
[BlackElo "2100"]
[PlyCount "116"]
[EventDate "2012.11.01"]
[EventType "swiss"]
[EventRounds "7"]
[EventCountry "BEL"]
[SourceTitle "EXT 2013"]
[Source "ChessBase"]
[SourceDate "2012.11.22"]
[SourceVersion "1"]
[SourceVersionDate "2012.11.22"]
[SourceQuality "1"]

1. d4 c5 2. d5 Nf6 3. c4 b5 4. cxb5 a6 5. f3 g6 6. e4 d6 7. Na3 Bg7 8. Ne2 0-0 9. Nc3 axb5 10. Naxb5 Nbd7 11. Be2 Ne8 12. Bg5 f6 13. Bh4 f5 14. exf5 gxf5 15. f4 Nef6 16. 0-0 Nb6 17. a4 Bb7 18. Bf3 Nc4 19. Qe2 Na5 20. Rfe1 Rf7 21. Qc2 Qd7 22. Re2 Nc4 23. b3 Nb6 24. Rd1 Qd8 25. Ree1 Bc8 26. g3 Bd7 27. Kg2 c4 28. bxc4 Nxc4 29. Qb3 Qc8 30. Re2 Na5 31. Qb4 Nb7 32. Rde1 Nc5 33. Qc4 Nxa4 34. Qxc8+ Rxc8 35. Nxa4 Bxb5 36. Nb6 Rb8 37. Rb2 Rxb6 38. Reb1 Rf8 39. Rxb5 Rxb5 40. Rxb5 Rc8 41. Rb7 Rc2+ 42. Kf1 Kf7 43. h3 Bf8 44. Rb4 Bg7 45. g4 fxg4 46. hxg4 h6 47. g5 hxg5 48. fxg5 Nd7 49. Bh5+ Kg8 50. Bg4 Rc7 51. Be6+ Kh8 52. Be1 Be5 53. Rh4+ Kg7 54. Bf5 Nf8 55. Ba5 Rc5 56. Bd8 Ng6 57. Rh6 Nf4 58. Bxe7 Rxd5 1/2-1/2

[Event "Leuven op 24th"]
[Site "Leuven"]
[Date "2012.11.04"]
[Round "3"]
[White "Docx, Stefan"]
[Black "Gooris, Jan"]
[Result "1-0"]
[WhiteElo "2422"]
[BlackElo "2100"]
[PlyCount "76"]
[EventDate "2012.11.01"]
[EventType "swiss"]
[EventRounds "7"]
[EventCountry "BEL"]
[SourceTitle "EXT 2013"]
[Source "ChessBase"]
[SourceDate "2012.11.22"]
[SourceVersion "1"]
[SourceVersionDate "2012.11.22"]
[SourceQuality "1"]

1. d4 c5 2. d5 Nf6 3. Nf3 d6 4. Nc3 g6 5. e4 Bg7 6. Be2 0-0 7. 0-0 e5 8. Nd2 Ne8 9. Nc4 Nd7 10. a4 Nb6 11. Na3 f5 12. a5 Nd7 13. Nc4 Ndf6 14. f3 f4 15. Bd2 g5 16. Be1 Rf7 17. Qb1 Bf8 18. Qa2 Kh8 19. Qa3 Rg7 20. b4 cxb4 21. Qxb4 Qe7 22. Qa3 h5 23. Nb5 g4 24. Bb4 gxf3 25. Bxf3 Ng4 26. Nbxd6 Qh4 27. Bxg4 Bxg4 28. Nxe5 Bxd6 29. Bxd6 Bh3 30. Rf2 Nf6 31. Bf8 Rxf8 32. Qxf8+ Kh7 33. Nf3 Qg4 34. Qxf6 Bxg2 35. Ne5 Qh3 36. Qf5+ Qxf5 37. exf5 f3 38. Ng6 Kh6 1-0

[Event "Leuven op 24th"]
[Site "Leuven"]
[Date "2012.11.04"]
[Round "6"]
[White "Gooris, Jan"]
[Black "Leunis, Geert"]
[Result "0-1"]
[WhiteElo "2100"]
[BlackElo "2284"]
[PlyCount "108"]
[EventDate "2012.11.01"]
[EventType "swiss"]
[EventRounds "7"]
[EventCountry "BEL"]
[SourceTitle "EXT 2013"]
[Source "ChessBase"]
[SourceDate "2012.11.22"]
[SourceVersion "1"]
[SourceVersionDate "2012.11.22"]
[SourceQuality "1"]

1. e4 e6 2. d4 d5 3. e5 c5 4. Nf3 Nc6 5. Bd3 Bd7 6. 0-0 cxd4 7. Nbd2 f6 8. Re1 Qb6 9. Nb3 0-0-0 10. Bd2 Nge7 11. Nfxd4 fxe5 12. Nb5 Ng6 13. a4 Nb4 14. Be3 d4 15. Bg5 Be7 16. Bxe7 Nxe7 17. a5 Qa6 18. Nc5 Nxd3 19. Nxa6 Bxb5 20. cxd3 bxa6 21. Rxe5 Rd6 22. Rc1+ Kd7 23. Qf3 Rb8 24. Qf7 Bxd3 25. Rec5 Rb7 26. Qf3 Rb3 27. Qd1 Rxb2 28. Qxd3 Rb7 29. Qe4 Rb8 30. Rc7+ Kd8 31. Qxh7 Rc6 32. Qh8+ Kxc7 33. Rxc6+ Nxc6 34. Qxg7+ Kd6 35. f4 Rb5 36. g4 d3 37. Kf2 Rd5 38. Qf8+ Kc7 39. Qf7+ Rd7 40. Qxe6 d2 41. Qxd7+ Kxd7 42. Ke2 Nxa5 43. h4 Nc4 44. h5 Ne3 45. Kxd2 Nxg4 46. Kc3 Nh6 47. Kb4 Kc6 48. Ka5 Kb7 49. Kb4 Kb6 50. Ka4 a5 51. Kb3 Kb5 52. Ka3 a4 53. Kb2 Kb4 54. Ka2 a3 0-1

[Event "Leuven op 23rd"]
[Site "Leuven"]
[Date "2011.11.13"]
[Round "7"]
[White "Gooris, Jan"]
[Black "Froeyman, Helmut"]
[Result "0-1"]
[WhiteElo "2130"]
[BlackElo "2284"]
[PlyCount "114"]
[EventDate "2011.11.10"]
[EventType "swiss"]
[EventRounds "7"]
[EventCountry "BEL"]
[SourceTitle "CBM 145 Extra"]
[Source "ChessBase"]
[SourceDate "2012.01.03"]
[SourceVersion "1"]
[SourceVersionDate "2012.01.03"]
[SourceQuality "1"]

1. e4 e5 2. Nf3 Nc6 3. d4 exd4 4. Bc4 Nf6 5. e5 d5 6. Bb5 Ne4 7. Nxd4 Bd7 8. Bxc6 bxc6 9. 0-0 Bc5 10. c3 0-0 11. f3 Ng5 12. Kh1 f6 13. Bxg5 fxg5 14. Nd2 Bb6 15. Re1 Qe7 16. e6 Be8 17. Re5 g6 18. Nf1 c5 19. Nc2 c6 20. Qd2 Bc7 21. Ree1 Rf4 22. Re2 a5 23. Rae1 Rb8 24. Nce3 h5 25. Nd1 Kh7 26. Nf2 Rf5 27. Ne3 Rf8 28. Nh3 Rb7 29. Nd1 Kh6 30. Ndf2 c4 31. Nd1 Bd6 32. Ne3 a4 33. a3 Ra7 34. Rd1 Bb8 35. Nf1 Qf6 36. Rde1 Re7 37. Kg1 Bd6 38. Kh1 Bb8 39. Ne3 Kg7 40. Ng1 Qf4 41. g3 Qf6 42. Ng2 Bd6 43. Qe3 c5 44. Nh3 Qxf3 45. Qxf3 Rxf3 46. Nxg5 Rf5 47. Nh3 Bc6 48. Kg1 d4 49. Nh4 Rd5 50. Nf4 Bxf4 51. gxf4 Kf6 52. Re5 d3 53. Rxd5 Bxd5 54. Ng2 Bxg2 55. Kxg2 Rxe6 56. Rb1 Re2+ 57. Kf3 Rxh2 0-1

[Event "Geraardsbergen op 27th"]
[Site "Geraardsbergen"]
[Date "2011.08.13"]
[Round "6"]
[White "Kocur, Marc"]
[Black "Gooris, Jan"]
[Result "1/2-1/2"]
[WhiteElo "1860"]
[BlackElo "2136"]
[PlyCount "93"]
[EventDate "2011.08.11"]
[EventType "swiss"]
[EventRounds "9"]
[EventCountry "BEL"]
[SourceTitle "CBM 144 Extra"]
[Source "ChessBase"]
[SourceDate "2011.10.28"]
[SourceVersion "1"]
[SourceVersionDate "2011.10.28"]
[SourceQuality "1"]

1. d4 c5 2. d5 Nf6 3. c4 b5 4. cxb5 a6 5. bxa6 Bxa6 6. f3 e6 7. Nc3 Nxd5 8. Nxd5 exd5 9. Qxd5 Nc6 10. Qe4+ Be7 11. Bg5 f6 12. Bd2 Nd4 13. Qb1 Qb6 14. Nh3 0-0 15. Nf4 Bd6 16. Nd5 Qb7 17. Nc3 Rfe8 18. Kf2 Qb8 19. e3 Bxh2 20. Rxh2 Qxh2 21. exd4 cxd4 22. Nd5 Qd6 23. Nb4 d3 24. Bxd3 Qd4+ 25. Kf1 Bxd3+ 26. Qxd3 Qh4 27. Kg1 Re5 28. Rc1 d5 29. Nxd5 Rae8 30. Ne3 Kh8 31. Rc4 Qh5 32. Qc3 h6 33. Rc8 Rxc8 34. Qxc8+ Re8 35. Qd7 Qe5 36. Nf5 Rg8 37. Bc3 Qc5+ 38. Kh1 Qf2 39. Qc7 Qc2 40. Ne3 Qg6 41. Qc5 Qb1+ 42. Kh2 Qxa2 43. Qh5 Qe6 44. Nf5 Kh7 45. Qg4 Qf7 46. Qh4 Rd8 47. Qe4 1/2-1/2

[Event "Geraardsbergen op 27th"]
[Site "Geraardsbergen"]
[Date "2011.08.12"]
[Round "3"]
[White "Gooris, Jan"]
[Black "Viaene, Jan"]
[Result "1-0"]
[WhiteElo "2136"]
[BlackElo "1846"]
[PlyCount "25"]
[EventDate "2011.08.11"]
[EventType "swiss"]
[EventRounds "9"]
[EventCountry "BEL"]
[SourceTitle "CBM 144 Extra"]
[Source "ChessBase"]
[SourceDate "2011.10.28"]
[SourceVersion "1"]
[SourceVersionDate "2011.10.28"]
[SourceQuality "1"]

1. d4 Nf6 2. Nf3 c5 3. Nc3 cxd4 4. Nxd4 Nc6 5. e4 g6 6. Bc4 Bg7 7. Nxc6 bxc6 8. e5 Nd5 9. Nxd5 cxd5 10. Qxd5 0-0 11. Qxa8 Qa5+ 12. c3 Bxe5 13. Qf3 1-0

[Event "BEL-ch op"]
[Site "Antwerp"]
[Date "2011.07.10"]
[Round "9.10"]
[White "Gooris, Jan"]
[Black "Schuurbiers, Wouter"]
[Result "0-1"]
[WhiteElo "2136"]
[BlackElo "1919"]
[PlyCount "120"]
[EventDate "2011.07.02"]
[EventType "swiss"]
[EventRounds "9"]
[EventCountry "BEL"]
[SourceTitle "CBM 143 Extra"]
[Source "ChessBase"]
[SourceDate "2011.08.29"]
[SourceVersion "1"]
[SourceVersionDate "2011.08.29"]
[SourceQuality "1"]

1. e4 e6 2. d4 d5 3. e5 c5 4. Nf3 Nc6 5. Bd3 cxd4 6. 0-0 f6 7. Bb5 Bd7 8. Bxc6 bxc6 9. Qxd4 c5 10. Qf4 fxe5 11. Nxe5 Nf6 12. Qg3 Ne4 13. Qh3 Qf6 14. Nxd7 Kxd7 15. c4 d4 16. Qb3 Kc7 17. f3 Nd6 18. Nd2 Be7 19. Qa3 Qe5 20. Qa5+ Kd7 21. Qa4+ Kc7 22. Nb3 Nb7 23. Bd2 Bd6 24. f4 Qh5 25. Ba5+ Kb8 26. Bd2 Qe8 27. Qa6 Qd8 28. Rae1 Re8 29. Re4 Qb6 30. Qa4 Kc7 31. Rfe1 Qc6 32. Qa3 Kd7 33. Nc1 Re7 34. Qh3 Rae8 35. f5 h6 36. fxe6+ Kc7 37. Nd3 Nd8 38. Ba5+ Kb7 39. Qf5 Kc8 40. Ne5 Bxe5 41. Bxd8 Qxe6 42. Qf3 Kxd8 43. Rxe5 Qxe5 44. Rxe5 Rxe5 45. Qa8+ Ke7 46. Qxa7+ Kf8 47. Qd7 Kg8 48. a4 Ra8 49. a5 Ree8 50. Qd5+ Kh8 51. Qxc5 d3 52. Qb4 Rad8 53. Qd2 Re2 54. Qxe2 dxe2 55. Kf2 Rb8 56. Kxe2 Rxb2+ 57. Kd3 Ra2 58. Kd4 Rxa5 59. c5 Ra2 60. g3 Rxh2 0-1

[Event "Leuven op 16th"]
[Site "Leuven"]
[Date "2004.11.14"]
[Round "6"]
[White "Gooris, Jan"]
[Black "Van Mechelen, Jan"]
[Result "0-1"]
[WhiteElo "2118"]
[BlackElo "2248"]
[PlyCount "76"]
[EventDate "2004.11.11"]
[EventType "swiss"]
[EventRounds "7"]
[EventCountry "BEL"]
[SourceTitle "EXT 2005"]
[Source "ChessBase"]
[SourceDate "2004.11.15"]
[SourceVersion "1"]
[SourceVersionDate "2004.11.15"]
[SourceQuality "1"]

1. e4 c5 2. Nf3 d6 3. c3 Nf6 4. Qe2 Nc6 5. g3 g6 6. Bg2 Bg7 7. 0-0 0-0 8. Na3 Rb8 9. Nh4 e5 10. Nc2 b5 11. d3 b4 12. Ne3 bxc3 13. bxc3 Ba6 14. Rd1 Qa5 15. Qc2 Nd7 16. Nc4 Qc7 17. Bg5 Nb6 18. Nxb6 Rxb6 19. Rab1 Rfb8 20. Rxb6 Qxb6 21. Bc1 Qb1 22. Qd2 Qb5 23. Bh3 Qa5 24. Bd7 Bb5 25. Ng2 Ba4 26. Rf1 Rb1 27. g4 Nd8 28. Bxa4 Qxa4 29. g5 Ra1 30. a3 Qb3 31. Qb2 Rb1 32. Qd2 Ne6 33. h4 a5 34. Ne3 Nf4 35. Nc4 a4 36. Bb2 Rxf1+ 37. Kxf1 Qb5 38. Nxd6 Qd7 0-1

[Event "Ghent op 27th"]
[Site "Ghent"]
[Date "2004.07.20"]
[Round "8"]
[White "Klundt, Klaus"]
[Black "Gooris, Jan"]
[Result "1-0"]
[WhiteElo "2361"]
[BlackElo "2183"]
[PlyCount "97"]
[EventDate "2004.07.17"]
[EventType "swiss"]
[EventRounds "9"]
[EventCountry "BEL"]
[SourceTitle "CBM 101 Extra"]
[Source "ChessBase"]
[SourceDate "2004.09.01"]
[SourceVersion "2"]
[SourceVersionDate "2004.09.01"]
[SourceQuality "1"]

1. e4 g6 2. d4 Bg7 3. Nc3 d6 4. Nf3 a6 5. a4 Nc6 6. d5 Ne5 7. Nxe5 Bxe5 8. Be2 c5 9. 0-0 h5 10. Be3 Nf6 11. f3 Qb6 12. Ra2 Bd7 13. Qd2 Bd4 14. Rd1 Bxe3+ 15. Qxe3 Qc7 16. Bc4 0-0 17. a5 Kg7 18. Re1 Rfe8 19. e5 dxe5 20. Qxe5 Qd6 21. Ra3 Bf5 22. Rb3 Qxe5 23. Rxe5 Nd7 24. Re2 Rab8 25. Kf2 g5 26. Na4 f6 27. Rd2 Red8 28. Nb6 Nxb6 29. Rxb6 Rd6 30. Rb3 b5 31. axb6 Rdxb6 32. Rxb6 Rxb6 33. b3 Kf8 34. c3 Bd7 35. Ke3 Ke8 36. Kd3 Bf5+ 37. Ke3 Bd7 38. Ra2 Bb5 39. Bxb5+ axb5 40. Ra7 Kd8 41. Ke4 b4 42. c4 Rb8 43. Kf5 Ke8 44. g3 Rd8 45. h4 gxh4 46. gxh4 Kf7 47. Rc7 Kg7 48. Rxc5 Ra8 49. Rb5 1-0

[Event "BEL-chT2 0304"]
[Site "Belgium"]
[Date "2004.01.25"]
[Round "2"]
[White "Gooris, Jan"]
[Black "Mancini, Mario"]
[Result "1-0"]
[WhiteElo "2099"]
[BlackElo "2309"]
[PlyCount "93"]
[EventDate "2003.12.01"]
[EventType "team-tourn"]
[EventRounds "11"]
[EventCountry "BEL"]
[SourceTitle "EXT 2005"]
[Source "ChessBase"]
[SourceDate "2004.11.15"]
[SourceVersion "1"]
[SourceVersionDate "2004.11.15"]
[SourceQuality "1"]
[WhiteTeam "Mechelen"]
[BlackTeam "ZWS"]
[WhiteTeamCountry "BEL"]
[BlackTeamCountry "BEL"]

1. e4 c5 2. d4 cxd4 3. c3 Nf6 4. e5 Nd5 5. Nf3 e6 6. cxd4 Nc6 7. Nc3 Bb4 8. Bd2 Qa5 9. a3 Be7 10. Bd3 Nxc3 11. Bxc3 Qd8 12. 0-0 0-0 13. Qc2 h6 14. Qe2 d5 15. Bc2 Bd7 16. Qd3 g6 17. h3 Qb6 18. Nh2 h5 19. f4 Rac8 20. Rad1 Na5 21. Qg3 Kg7 22. Nf3 Nc4 23. Ng5 Be8 24. f5 exf5 25. Bxf5 Rc6 26. Bb1 Nxa3 27. bxa3 Rxc3 28. Qxc3 Bxg5 29. Rf3 Bd7 30. Rdf1 Be6 31. Ba2 f5 32. Rb1 Qa6 33. Qb2 Rf7 34. Kf2 Qa4 35. Bb3 Qa5 36. Ba2 Rc7 37. Rb3 b6 38. Rb5 Qa4 39. Rb3 Be7 40. Kg1 h4 41. Rd1 b5 42. Rdd3 a6 43. Rbc3 Rb7 44. Rc6 Kf7 45. Qc1 b4 46. Rxe6 Kxe6 47. Qc8+ 1-0

[Event "Geraardsbergen op"]
[Site "Geraardsbergen"]
[Date "2003.08.15"]
[Round "4"]
[White "Gooris, Jan"]
[Black "Verellen, Jef"]
[Result "1-0"]
[WhiteElo "2180"]
[BlackElo "1899"]
[PlyCount "33"]
[EventDate "2003.08.??"]
[EventType "swiss"]
[EventRounds "7"]
[EventCountry "BEL"]
[SourceTitle "EXT 2005"]
[Source "ChessBase"]
[SourceDate "2004.11.15"]
[SourceVersion "1"]
[SourceVersionDate "2004.11.15"]
[SourceQuality "1"]

1. e4 c5 2. d4 cxd4 3. c3 Nf6 4. e5 Nd5 5. Nf3 Nc6 6. Bc4 Nb6 7. Bb3 e6 8. 0-0 Be7 9. cxd4 0-0 10. Nc3 d5 11. a3 Nd7 12. Re1 a6 13. Qd3 Re8 14. Bf4 b5 15. Nxd5 exd5 16. Bxd5 Ndb8 17. Be4 1-0